000 01212nam a2200313 a 4500
001 000108999
003 CHAP
005 20220329144033.0
008 140327s2013 mx sm |||||||spa d
010 _a105461
011 _a106433
040 _cCHAP
090 _aTesis
100 1 _aHernández Álvarez, Zenón
_9126093
245 1 0 _aUna alternativa de financiamiento para la reactivación de la agroindustria de café diferenciado en Chiapas
_h[En línea]
_cpor Zenón Hernández Álvarez.
260 _aChapingo, Méx. :
_bEl autor,
_c2013.
500 _aPara ver el contenido del material haga clic en la liga
502 _aTesis (MC. en Economía Agrícola y de los Recursos Naturales) -- UACH. División de Ciencias Económico Administrativas
590 _aBATCH-UPD
_b05
_c20141002
_lUCH01
_h0858
590 _aE5765TAJ
_b05
_c20140327
_lUCH01
_h0952
590 _aE5765TAJ
_b05
_c20140327
_lUCH01
_h0953
590 _aE5765TAJ
_b05
_c20140327
_lUCH01
_h0954
650 1 4 _aCafé orgánico
_xMercadeo.
_9125706
650 1 4 _aCafé
_xAspectos económicos
_xChiapas.
_917095
856 _aFinding aid
_uhttp://10.13.5.2/tesis/sist108999.pdf
_zTeclea aquí
901 _aBK
942 _cTESIS
942 _n0
999 _c105461
_d105461